Staatslehre / (Record no. 78961)

MARC details
000 -LEADER
campo de control de longitud fija 00624nam a2200205 i 4500
001 - NÚMERO DE CONTROL
campo de control 78961
003 - IDENTIFICADOR DE NÚMERO DE CONTROL
campo de control ES-MaACL
005 - FECHA Y HORA DE LA ÚLTIMA TRANSACCIÓN
campo de control 20250830095354.0
007 - CAMPO FIJO DE DESCRIPCIÓN FÍSICA--INFORMACIÓN GENERAL
campo de control de longitud fija t|
008 - DATOS DE LONGITUD FIJA--INFORMACIÓN GENERAL
campo de control de longitud fija 041018s1934 gw ||||1| ger d
100 1# - ENTRADA PRINCIPAL--NOMBRE DE PERSONA
Nombre de persona Heller, Hermann.
9 (RLIN) 62441
245 10 - MENCIÓN DEL TÍTULO
Título Staatslehre /
Mención de responsabilidad, etc. Hermann Heller ; herausgegeben von Gerhart Niemeyer.
260 ## - PUBLICACIÓN, DISTRIBUCIÓN, ETC.
Lugar de publicación, distribución, etc. Leiden :
Nombre del editor, distribuidor, etc. A. W. Sijthoff's Uitgeversmaatschappij,
Fecha de publicación, distribución, etc. 1934.
300 ## - DESCRIPCIÓN FÍSICA
Extensión XVI, 298 p. ;
Dimensiones 25 cm.
650 #7 - PUNTO DE ACCESO ADICIONAL DE MATERIA--TÉRMINO DE MATERIA
Término de materia o nombre geográfico como elemento de entrada Política
Fuente del encabezamiento o término embne
9 (RLIN) 140345
650 07 - PUNTO DE ACCESO ADICIONAL DE MATERIA--TÉRMINO DE MATERIA
Término de materia o nombre geográfico como elemento de entrada Estado
Fuente del encabezamiento o término embne
9 (RLIN) 12523
700 1# - ENTRADA AGREGADA--NOMBRE PERSONAL
Nombre de persona Niemeyer, Gerhart.
9 (RLIN) 85639
852 ## - LOCALIZACIÓN
Ubicación ES-MaACL
Número de control de estantería A-2934
Holdings
Estatus retirado Estado de pérdida Estado de daño No para préstamo Biblioteca de origen Biblioteca actual Ubicación en estantería Fecha de adquisición Fuente de adquisición Total de préstamos Signatura topográfica completa Código de barras Visto por última vez Precio de reemplazo Tipo de ítem Koha
        Biblioteca del Ateneo de Madrid Biblioteca del Ateneo de Madrid Sala Pecera Planta 1 17/01/2008     A-2934 1082577 23/02/2023 23/02/2023 Libro impreso